Soledad (Registo nº 826)

Detalhes MARC
000 -Etiqueta do registo
Cabeçalho 00665nam0a2200253 4500
005 - Identificador da versão
Campo de controlo 20240813121816.0
010 ## - Número internacional normalizado dos livros (ISBN)
Número (ISBN) 9724307492
021 ## - Número do Depósito Legal
Número 198375/03
100 ## - Dados gerais de processamento
Dados gerais de processamento 20160628d2004 m y0pory5003 ba
102 ## - Pais de publicação ou produção
País de publicação Portugal
101 0# - Língua de publicação
Língua do texto, banda sonora, etc. Português
215 ## - Descrição física 
Indicação específica da natureza do documento e extensão da espécie 175 p
200 1# - Titulo e menção de responsabilidade
Título próprio Soledad
Primeira menção de responsabilidade Raffaello Bergonse
225 2# - Colecção 
Título próprio da colecção Cântico final
Nome de uma parte ou secção Romance
Indicação de volume 28
205 ## - Menção da edição
Menção da edição 1ª edição
210 ## - Publicação, Distribuição, etc. 
Lugar da edição, distribuição, etc. Porto
Nome do editor, distribuidor, etc. Ambar
Data da publicação, distribuição, etc. 2004
606 ## - Nome comum usado como assunto
Número de registo de entrada de autoridade 0002005
Palavra de ordem Literatura portuguesa
Subdivisão de assunto Romance
Código do sistema CA
675 ## - Classificação Decimal Universal (CDU)
Notação 821.134.3-31
Edição 3ª ed.
Língua da edição por
700 #1 - Nome de autor-pessoa física (responsabilidade principal)
Número de registo de entrada de autoridade 0003065
Palavra de ordem Bergonse
Outra parte do nome não tomada para palavra de ordem Raffaello
Datas 1978-
966 ## - Identificação da Biblioteca
Sigla EB2,3ENM
942 ## - Elementos de entrada adicionados (Koha)
Tipo de item no Koha Livro
Exemplares
Situação do levantamento Origin of item (home branch) (coded) Biblioteca de empréstimo Código de barras Cota Circulation type (not for loan) Tipo de documento Nota do exemplar Damaged status
  Biblioteca Escolar Eng. Nuno Mergulhão Biblioteca Escolar Eng. Nuno Mergulhão BENM1533 82LP-3 BER   Livro Sem mensagem